000 00302nam a22001337a 4500
003 SGT
082 _a324.254
_bK17J
100 _aJHA, PRASHANT
245 _aKAISE JITTI HAI BHAJPA
260 _aINDIA
_bJUGGERNAUT BOOKS
_c2017
300 _a215
650 _aINDIAN POLITICAL PARTIES
942 _2ddc
_cBK
999 _c26251
_d26251